Narbonne - Choix multiples - Statistiques

Statistiques générales
  • Ce quiz a été pris 1 786 fois
    1 742 depuis la dernière actualisation
  • Le résultat moyen est 5 sur 10
Statistiques - réponses
Question Réponse % Correct
Dans quel département français Narbonne se situe-t-elle ? L'Aude
77%
De quoi les Grands Buffets de Narbonne ont-ils obtenu le record du monde en 2020 ? Du plus grand plateau de fromages
60%
Que peut-on observer de célèbre au centre de la place de l'hôtel de ville ? Un vestige de la Via Domitia
56%
Lequel de ces surnoms désigne Narbonne ? Fille aîné de Rome hors d'Italie
55%
Laquelle de ces photos ne représente PAS un lieu existant à Narbonne ?
44%
Rapprochons-nous (un peu) de l'époque actuelle. Quel chanteur du XXe siècle naquit à Narbonne? Charles Trenet
43%
Quel nageur français, quintuple champion du monde entre 2011 et 2017, est né à Narbonne ? Camille Lacourt
40%
Narbonne était une métropole importante sous l'empire romain, au point d'acquérir le surnom de "seconde Rome". Mais quel était son nom officiel ? Narbo Martius
33%
Quel festival local se tient tous les ans à la fin du mois d'août au centre-ville de Narbonne depuis 2014 ? Barques en scène
25%
Quel est le nom du canal qui traverse la ville ? Canal de la Robine
21%
Aucun quiz correspondant
Distribution des résultats
% des personnes avec chaque résultat
Percentile par nombre de réponses
Votre historique - résultats
Vous n’avez pas pris ce quiz depuis la dernière actualisation